header

Web-based instruction (Record no. 125329)

MARC details
000 -LEADER
fixed length control field 01985nam a2200397 a 4500
082 04 - DEWEY DECIMAL CLASSIFICATION NUMBER
Classification number 025.5/60785
100 1# - MAIN ENTRY--AUTHOR NAME
Personal name Smith, Susan Sharpless.
245 10 - TITLE STATEMENT
Title Web-based instruction
250 ## - EDITION STATEMENT
Edition statement 3rd ed.
260 ## - PUBLICATION, DISTRIBUTION, ETC. (IMPRINT)
Place of publication Chicago :
Name of publisher American Library Association,
Year of publication 2010.
300 ## - PHYSICAL DESCRIPTION
Number of Pages xviii, 236 p. :
Other physical details ill.
505 0# - FORMATTED CONTENTS NOTE
Formatted contents note Setting the stage -- Library instruction on the Web -- Project framework -- Selecting project development tools -- Designing the user experience -- Multimedia : using graphics, sound, animation, and video -- Interactivity -- Evaluation, testing, and assessment.
520 ## - SUMMARY, ETC.
Summary, etc This updated edition of the classic covers new tools and trends, including current browsers, access methods, hardware, and software. Includes tips to secure project funding and provides strategic guidance for all types of libraries.
650 #0 - SUBJECT ADDED ENTRY--TOPICAL TERM
Topical Term Library orientation
Topical Term Web sites
Topical Term Library Web sites
Topical Term Web-based instruction.
Topical Term Libraries and the Internet.
856 40 - ELECTRONIC LOCATION AND ACCESS
Uniform Resource Identifier http://site.ebrary.com/lib/rucke/Doc?id=10486803

No items available.

© 2026 Rongo University
Contact us: librarian | system librarian | Rongo university